Sir Duke By Stevie Wonder Lyrics - Statistics

General Stats
  • This quiz has been taken 20 times
  • The average score is 215 of 271
Answer Stats
Lyrics % Correct
a
100%
A
100%
all
100%
I
100%
it
100%
over
100%
you
100%
You
100%
feel
95%
is
95%
Music
95%
can
90%
and
85%
And
85%
the
85%
With
85%
with
85%
language
80%
of
80%
we
80%
world
80%
Duke
75%
in
75%
Sir
75%
to
75%
understand
75%
For
70%
itself
70%
no
70%
people
70%
Be
65%
within
65%
could
60%
equal
60%
make
60%
that
60%
That
60%
They
60%
they
60%
way
60%
will
60%
band
55%
clap
55%
groove
55%
hands
55%
king
55%
like
55%
lose
55%
now
55%
on
55%
opportunity
55%
there's
55%
There's
55%
voice
55%
When
55%
But
50%
Don't
50%
just
50%
Miller
50%
out
50%
ringing
50%
sing
50%
some
50%
start
50%
tell
50%
their
50%
time
50%
always
45%
are
45%
Basie
45%
because
45%
dance
45%
has
45%
move
45%
music's
45%
not
45%
one
45%
pioneers
45%
us
45%
allow
40%
Ella's
40%
forget
40%
here
40%
Satchmo
40%
things
40%
won't
40%
away
35%
knows
35%
life
35%
quit
35%
record
35%
right
35%
yeah
35%
go
30%
Can't
25%
at
20%
Come
20%
letter
20%
let's
15%
Everybody
10%
No matching quizzes found
Score Distribution
Percent of People with Each Score
Percentile by Number Answered
Your Score History
You have not taken this quiz